00485nmm a2200145Ia 4500008004100000020001800041041000800059100003200067245007300099264004200172300001800214490001300232650004300245856005100288251105s9999||||xx |||||||||||||||||und|| a9788498160130 aspa aDíaz del Castillo, Bernal 0aHistoria verdadera de la conquista de la Nueva España. Selección a[Madrid, España] :bLinkgua, c2016 a516 páginas aHistoria aHistory of the Americas: Latin America uhttps://public.digitaliapublishing.com/a/48784